000 00966nam a2200301Ia 4500
001 12128
003 IT-RoPAU
008 130308s9999 xx 000 0 und d
040 _aIT-RoPAU
040 _cIT-RoPAU
041 _aITALIANO
100 _aFlorenskij Pavel
100 _gCodice Aut. SPICS: 6581
245 _aPorte regali (Le)-Saggio sull'icona
245 _bPorte regali (Le)-Saggio Sull'Icona
250 _a1a ed.
260 _aMILANO
260 _bAdelphi
260 _c1977 [1° Ed.:1977 - Ed.Ling.Originale:1922]
300 _a"194 p. (prefazione: no ; testo: 194)"
500 _aMondo della Pittura di icone Pittura fiamminga Tecniche della preparazione dei Colori Significato dell'Oro nelle icone Rapporto tra icone e Liturgia della Chiesa Orientale Iconostasi Pittura Sublime
650 _aTEORIA/LINGUAGGI DI ICONOLOGIA
650 _eCodice materia Spics: 5153
942 _cBK
957 _71
999 _c68844
_d68844
999 _bSI
999 _g1